Catalog

Record Details

Catalog Search



Available copies

  • 0 of 1 copy available at LARL/NWRL Consortium.
  • 0 of 1 copy available at Lake Agassiz Regional Library. (Show preferred library)

Current holds

0 current holds with 1 total copy.

Show Only Available Copies
Location Call Number / Copy Notes Barcode Shelving Location Status Due Date
Hawley Public Library BAK (Text) 33500014360887 New Checked out 07/14/2026

Record details

  • ISBN: 9798249703318
  • Physical Description: 245 pages ; 21 cm.
  • Edition: First edition
  • Publisher: [United States] : Fiona Baker, [2026]

Content descriptions

General Note:
Cover title.
Summary, etc.:
It’s a season of change both expected and ... Read More
Subject: Restaurants > Fiction.
Breweries > Fiction.
Man-woman relationships > Fiction.
Families > Fiction.
Contemporary romance.
Genre: Romance fiction.
Domestic fiction.
LDR 02598nam a2200433 i 4500
001484182
003LARL_NWRL_CONSORTIUM
00520260410172443.0
008260318t20262026xxu e 000 1 eng d
040 . ‡aSRB ‡beng ‡erda ‡cSRB ‡dOCLCO
020 . ‡a9798249703318 ‡q(paperback)
035 . ‡a(OCoLC)1579964621
0920 . ‡a[Fic]
1001 . ‡aBaker, Fiona, ‡eauthor.
24510. ‡aAutumn by the seashore / ‡cFiona Baker.
250 . ‡aFirst edition
264 1. ‡a[United States] : ‡bFiona Baker, ‡c[2026]
264 4. ‡c©2026.
300 . ‡a245 pages ; ‡c21 cm.
336 . ‡atext ‡btxt ‡2rdacontent
337 . ‡aunmediated ‡bn ‡2rdamedia
338 . ‡avolume ‡bnc ‡2rdacarrier
4900 . ‡aRosewood Beach ; ‡v11
500 . ‡aCover title.
520 . ‡aIt’s a season of change both expected and unexpected - for the Owens family. As Julia and Cooper welcome their new baby into the world, their loved ones gather to offer support. Meanwhile, Dean nervously prepares for his upcoming osteotomy surgery, with Noelle a supportive, comforting presence by his side. And as Julia navigates new motherhood, she finds herself leaning on Alexis for advice and encouragement, deepening the bond between the two sisters. Vivian thought she had finally put the past behind her, but a surprising discovery while cleaning out old boxes turns everything she believed about her late husband upside down once again. When Judd McCormick faces a health issue that forces him to step back from running the family brewery, he asks Ryan to take the reins. Ryan agrees, hopeful he can use the opportunity to guide the business in a new direction. With Faith’s help - and despite the long-standing rivalry between McCormick Brewery and The Lighthouse Grill - the two once-competing businesses begin to work together. And as the brewery and the grill find common ground, Ryan starts to wonder if it's time to ask Faith a question that could tie their families together in a whole new way. --Back cover.
650 0. ‡aRestaurants ‡vFiction. ‡0(LARL_NWRL_CONSORTIUM)167006
650 0. ‡aBreweries ‡vFiction.
650 0. ‡aMan-woman relationships ‡vFiction. ‡0(LARL_NWRL_CONSORTIUM)165985
650 0. ‡aFamilies ‡vFiction. ‡0(LARL_NWRL_CONSORTIUM)164942
650 0. ‡aContemporary romance.
655 7. ‡aRomance fiction. ‡2lcgft
655 7. ‡aDomestic fiction. ‡2lcgft
758 . ‡ihas work: ‡aAutumn by the seashore (Text)
905 . ‡uvanderl
901 . ‡a484182 ‡bAUTOGEN ‡c484182 ‡tbiblio ‡soclc

Additional Resources